000 00780cam a2200265 4500
008 090401t1987 xxu||||| |||| 00| 0 eng d
020 _a085406334X
035 _a(Sirsi) u44132
041 _aeng
050 _a692.5
090 _aRICS 1987/70 ABCD
100 _aAzzaro, David
245 _aContractors` estimating procedures: an overview
260 _aLondon
_bSurveyors Publications
_c1987
300 _a16p. ; 30cm.
350 _a2.95
490 _aTechnical papers on quantity surveying
_vSubjects
520 _aPublished on behalf of the Royal Institution of Chartered Surveyors .
650 _aBUILT ENVIRONMENT-BUILDING COSTS
650 _aPRELIMINARIES
700 _aHubbard, Julie
700 _aRobertson, Douglas
942 _n0
948 _c04/03/1997
999 _c91443
_d91443